Poškole '92 Seminář o počítačích ve škole. Knížecí rybník u Tábora 23.-26.4.1992

Gespeichert in:
Bibliographische Detailangaben
Format: Buch
Sprache:Tschechisch
Veröffentlicht: Praha Ústav pro informace ve vzdělávání 1992
Schlagworte:
Tags: Tag hinzufügen
Keine Tags, Fügen Sie das erste Tag hinzu!

MARC

LEADER 00000nam a2200000 4500
001 c001737
005 20251111083426.4
041 0 |a cze 
044 |a CZ 
245 1 0 |a Poškole '92  |b Seminář o počítačích ve škole. Knížecí rybník u Tábora 23.-26.4.1992 
264 1 |a Praha  |b Ústav pro informace ve vzdělávání  |c 1992 
300 |a 135 s.  |e 7 s. príl. 
610 2 0 |a vyučovanie 
610 2 0 |a využitie počítačov 
610 2 0 |a počítače osobné 
610 2 0 |a programy počítačové 
610 2 0 |a učitelia